书目信息 |
| 题名: |
职业生涯规划学习指导
|
|
| 作者: | 杜爱玲 , 蒋乃平 主编 | |
| 分册: | ||
| 出版信息: | 北京 高等教育出版社 2013.08 |
|
| 页数: | 126页 | |
| 开本: | 26cm | |
| 丛书名: | ||
| 单 册: | ||
| 中图分类: | G717.38 | |
| 科图分类: | ||
| 主题词: | 职业选择--中等专业教育--教学参考资料 , 职业选择 | |
| 电子资源: | ||
| ISBN: | 978-7-04-038319-5 | |
| 000 | 01048nam0 2200277 450 | |
| 001 | 0108153917 | |
| 005 | 20210322112040.13 | |
| 010 | @a978-7-04-038319-5@dCNY12.90 | |
| 100 | @a20210307e20172013em y0chiy50 ea | |
| 101 | 0 | @achi |
| 102 | @aCN@b110000 | |
| 105 | @aa z 000yy | |
| 106 | @ar | |
| 200 | 1 | @a职业生涯规划学习指导@Azhi ye sheng ya gui hua xue xi zhi dao@f杜爱玲, 蒋乃平主编 |
| 205 | @a2版@b修订版 | |
| 210 | @a北京@c高等教育出版社@d2013.08@h2017.05 | |
| 215 | @a126页@c图, 照片@d26cm | |
| 300 | @a中等职业教育德育课课程改革国家规划新教材配套教学用书 | |
| 330 | @a本书以“我的梦·中国梦”的理念为主线,分为职业生涯规划与职业理想,职业生涯发展条件与机遇,职业生涯发展目标与措施,职业生涯发展与就业、创业,职业生涯规划管理、调整与评价五个单元。 | |
| 606 | 0 | @a职业选择@x中等专业教育@j教学参考资料 |
| 606 | 0 | @a职业选择 |
| 690 | @aG717.38@v5 | |
| 701 | 0 | @a杜爱玲@Adu ai ling@4主编@c(职业教育) |
| 701 | 0 | @a蒋乃平@Ajiang nai ping@4主编@f(1943.7~) |
| 801 | 0 | @aCN@bBJSZM@c20210308 |
| 905 | @b1273127-30@dG717.38@e65=2@f4 | |
| 职业生涯规划学习指导/杜爱玲, 蒋乃平主编.-2版,修订版.-北京:高等教育出版社,2013.08(2017.05) |
| 126页:图, 照片;26cm |
| 中等职业教育德育课课程改革国家规划新教材配套教学用书 |
| ISBN 978-7-04-038319-5:CNY12.90 |
| 本书以“我的梦·中国梦”的理念为主线,分为职业生涯规划与职业理想,职业生涯发展条件与机遇,职业生涯发展目标与措施,职业生涯发展与就业、创业,职业生涯规划管理、调整与评价五个单元。 |
| ● |
| 相关链接 |
|
|
|
|
正题名:职业生涯规划学习指导
索取号:G717.38/65=2
 
预约/预借
| 序号 | 登录号 | 条形码 | 馆藏地/架位号 | 状态 | 备注 |
| 1 | 1273127 | 212731276 | 第一样本阅览室/ [索取号:G717.38/65=2] | 在馆 | |
| 2 | 1273128 | 212731285 | 教育系资料室/ [索取号:G717.38/65=2] | 在馆 | |
| 3 | 1273129 | 212731294 | 教育系资料室/ [索取号:G717.38/65=2] | 在馆 | |
| 4 | 1273130 | 212731301 | 第四借阅区/ [索取号:G717.38/65=2] | 在馆 |